00937nam a2200241 i 45000010005000000030009000050050017000140070003000310080041000340200018000750800019000930800018001121000053001302450081001832600089002643000028003535000086003815040034004676500063005017100012005647100074005768520045006505761ES-MaACL20240223063020.0t|890518s1987 sp ||||1| spa d a84-85436-45-8 a338.98(73)"19" a327.2(73)"19"1 aPortillo Pasqual del Riquelme, Luis,d1945-eaut11a¿Alimentos para la paz? b: la "ayuda" de Estados Unidos / cLuis Portillo. aMadrid : bInstituto de Estudios Politicos para America Latina y Africa,cD.L. 1987. a435, [22] p. ; c20 cm. aEn la port. Coordinadora de Organizaciones no Gubernamentales para el Desarrollo. aBibliografía : p. [437-448]14aAyuda alimentaria norteamericana-xPaíses en desarrollo.2 aIEPALA.2 aCoordinadora de Organizaciones no Gubernamentales para el Desarrollo. aES-MaACLjL-12748 bR.115686 z. - rust.